Viraj Negandhi

Texas B


Categories

Science - Physics04014097117.5014
Science - Biology03102593110.3313
Other Science: Astronomy1000155252.0011
Beliefs1000155959.0001
Other Science: Math0100108383.0001
Science - Chemistry0220106184.0012
Other Science: Earth Science010010105105.0011
Chemistry>0100109595.0011
History - World History010010115115.0001
Other Science: Computer Science010010125125.0001
World and Other Literature000000.0000

Buzzes

Science - Chemistryphosphorus-539
Other Science: Astronomyblue1552
Beliefseating1559
Science - Chemistryelimination1061
Science - Chemistrygroups-565
Science - Biologyfluorescence-567
Other Science: Mathcontinuity1083
Science - Biologymembranes1093
Chemistry>column chromatography1095
Science - Physicsmass1097